000 00973nam a22002297a 4500
005 20250502164636.0
008 250502b |||||||| |||| 00| 0 eng d
020 _a978-93-5072-624-2 (hbk)
037 _cTB
040 _aCRL
_cCRL
041 _2hin
_ahin
084 _aO152,1:gN Q4
_qCRL
100 _aश्रीवास्तव, परमानन्द
245 _aसमकालीन कविता:
_bनये प्रस्थान
260 _aनयी दिल्ली, भारत:
_bवाणी प्रकाशन,
_c2014.
300 _a136पृ0
365 _b495.00
_cINR
650 _aहिन्दी कविता
650 _aहिन्दी साहित्य
942 _2CC
_cTB
_hO152,1:gN Q4
_n0
999 _c1309987
_d1309987